00774 a2200193 450000100060000002000180000604000370002410000230006124000430008424500380012730000070016536200090017265000230018194200070020495201050021195201050031695201420042199900170056375493 a9788502205642 cAnchieta - Colégio São Paulo aCosta, Márcio da10aO escandaloso teatro das virtudeslpor10aO escandaloso teatro das virtudes a720 a2013 4aLiteratura juvenil cBK 00104070a88.1b88.1d2023-11-22l0oLJ 028.5 C823op7112/CSPr2023-11-22 14:32:59w2023-11-22yBK 00104070a88.1b88.1d2023-11-22l0oLJ 028.5 C823op8517/CSPr2023-11-22 14:32:59w2023-11-22yBK 00102ddc4070a88.1b88.1d2024-10-23eDoação de professorl0oLJ 028.5 C823op9788585466473r2024-10-23 14:09:42w2024-10-23yBKu c75493d75493